ბათუმის შოთა რუსთაველის სახელმწიფო უნივერსიტეტის ბიბლიოთეკა

პლანეტის ყველაზე გონიერი ცხოველები / (ბიბ.ჩანაწერი № 38593)

000 -ლიდერი
ფიქსირებული სიგრძის საკონტროლო ველი 01485nam a2200277Ia 4500
001 - საკონტროლო ნომერი
საკონტროლო ველი 4710
003 - საკონტროლო ნომრის იდენტიფიკატორი
საკონტროლო ველი GE_BSU
005 - ბოლო ოპერაციის თარიღი და დრო
საკონტროლო ველი 20190731122500.0
008 - ფიქსირებული სიგრძის მონაცემთა ელემენტები - ზოგადი ინფორმაცია
ფიქსირებული სიგრძის საკონტროლო ველი 181216s2010||||ge |||||||||||||| ||geo||
020 ## - წიგნის საერთაშორისო სტანდარტული ნომერი
International Standard Book Number 9799941912634
040 ## - კატალოგიზაციის წყარო
Transcribing agency GE_BSU
041 ## - ენის კოდი
Language code of text/sound track or separate title geo
080 ## - უნივერსალური ათობითი კლასიფიკაციის ინდექსი
Universal Decimal Classification number 592:599 ბ–81
100 ## - მთავარი ჩანაწერი - პიროვნების სახელი
Personal name ბოისენი, სალი
9 (RLIN) 3358
245 ## - ცნობა სათაურის შესახებ
Title პლანეტის ყველაზე გონიერი ცხოველები /
Statement of responsibility, etc ბოისენი სალი, კასტანსთან დებორა ; მთარგმნ. : გიორგი ბენაშვილი ; რედ. : რუსუდან მამრაძე, ირმა რევიშვილი
264 ## - წარმოების, გამოცემის, დისტრიბუციის და სხვა ცნობები
გამოცემის, წარმოების, დისტრიბუციის... ადგილი თბილისი :
გამოცემის, წარმოების, დისტრიბუციის... სახელწოდება ილიას სახელმწიფო უნ–ტის გამ-ბა ;
გამოცემის, წარმოების, დისტრიბუციის... თარიღი 2010.
300 ## - ფიზიკური აღწერა
Extent 192 გვ. ;
Dimensions 26 სმ.
653 ## - INDEX TERM--UNCONTROLLED
Uncontrolled term პლანეტის ყველაზე გონიერი ცხოველები
653 ## - INDEX TERM--UNCONTROLLED
Uncontrolled term ცხოველები
700 ## - ADDED ENTRY--PERSONAL NAME
Personal name კასტანსთან, დებორა
Relator term ავტორი
9 (RLIN) 3359
700 ## - ADDED ENTRY--PERSONAL NAME
Personal name ბენაშვილი, გიორგი
Relator term მთარგმნელი
9 (RLIN) 3360
700 ## - ADDED ENTRY--PERSONAL NAME
Personal name მამრაძე, რუსუდან
Relator term რედაქტორი
9 (RLIN) 3361
700 ## - ADDED ENTRY--PERSONAL NAME
Personal name რევიშვილი, ირმა
Relator term რედაქტორი
9 (RLIN) 3362
942 ## - ADDED ENTRY ELEMENTS (KOHA)
Koha item type წიგნი
Source of classification or shelving scheme
ეგზემპლარები
ჩამოწერის სტატუსი დაკარგული ეგზემპლარის სტატუსი კლასიფიკაციის წყარო ან თაროზე გაწყობის სქემა დაზიანების სტატუსი არ გაიცემა მუდმივი მდებარეობა (დაცვის ადგილი) ამჟამინდელი ადგილსამყოფელი თაროზე განთავსების ადგილი შეძენის თარიღი ღირებულება, შესყიდვის ნორმალური ფასი სრული შენახვის შიფრი შტრიხკოდი ბოლო ოპერაციის თარიღი ეგზემპლარის მიმდევრობითი ნომერი (კეტერი?) ფასის ძალაში შესვლის თარიღი ეგზემპლარის სახეობა საჯარო შენიშვნა
          ბათუმის შოთა რუსთაველის სახელმწიფო უნივერსიტეტის მთავარი ბიბლიოთეკა ბათუმის შოთა რუსთაველის სახელმწიფო უნივერსიტეტის მთავარი ბიბლიოთეკა წიგნსაცავი 2018-12-17 23.00 592:599 ბ-81 12915 2018-12-17 12915 2018-12-17 წიგნი 23 ლ.
          ბათუმის შოთა რუსთაველის სახელმწიფო უნივერსიტეტის მთავარი ბიბლიოთეკა ბათუმის შოთა რუსთაველის სახელმწიფო უნივერსიტეტის მთავარი ბიბლიოთეკა წიგნსაცავი 2018-12-17 23.00 592:599 ბ–81 12916 2018-12-17 12916 2018-12-17 წიგნი 23 ლ.
          ბათუმის შოთა რუსთაველის სახელმწიფო უნივერსიტეტის მთავარი ბიბლიოთეკა ბათუმის შოთა რუსთაველის სახელმწიფო უნივერსიტეტის მთავარი ბიბლიოთეკა წიგნსაცავი 2018-12-17 23.00 592:599 ბ–81 12917 2018-12-17 12917 2018-12-17 წიგნი 23 ლ.